01403nam a2200277 a 450000100100000000500170001000800410002702000150006804000250008308200210010824501290012926000440025830000280030250000730033050002930040350500430069665000160073965000480075565000480080365100610085170000270091270000250093970000310096471000560099571000740105100002447420251120073732.0110128s2005 dr a 000 0 spa d a994541500X aDO-SdBNPbspacBNPHU a320.97293bD383v03aLa democracia vulnerable :binsatisfacción y desconfianza (1994-2004) /ccoorrdinadora general Ramonina Brea... [et. al.]. aSanto Domingo :bPUCMM : CESDEM,c2005. a2v.. :bgraf. ;c29 cm. aIncluye referencias bibliográficas y notas al pie de las páginas aBasado en los resultados de la cuarta Encuesta Nacional de Cultura Política y Democracia (Demos 2004), esta dirigida a conocer la visión compartida, las actidutes , creencias acerca de la democracia, el sistema político y la gestión gubernamental de las dominicanas y dominicanos.0 gv.1. -tInforme final.gv.2 -tResumen 0aDemocracia  4aPolítica culturalzRepública Dominicana 4aOpinión públicaxRepública dominicana 4aRepública DominicanaxPolítica Y Gobiernoy1994-200412aBrea, Ramoninaecoord.12aDuarte, Isisecoord.12aSeligson, Mitchellecoord.2 aPontificia Universidad Católica Madre y Maestra 2 aCentro de Estudios Sociales y Demográficos (República Dominicana)